| 000 | 00447nam a2200181Ia 4500 | ||
|---|---|---|---|
| 001 | 18412 | ||
| 005 | 20260306171629.0 | ||
| 008 | 260306s9999||||xx |||||||||||||| ||und|| | ||
| 041 | _aESP | ||
| 082 |
_a658.4038011 _bM12 2000 |
||
| 100 |
_aMcLeod, Raymond Jr. _eAUT |
||
| 245 | 0 | _aSistemas de información gerencial | |
| 260 | _c2000 | ||
| 300 |
_axxv, 655 pƔginas : _c27 cm. |
||
| 650 | _aGEN | ||
| 654 | _aCAN | ||
| 942 |
_cLIB _dJUS _fJUS _2ddc _n |
||
| 999 |
_c18412 _d18412 |
||